Now in Japan : Employee education and training in Japanese enterprises
Αποθηκεύτηκε σε:
| Μορφή: | Βιβλίο |
|---|---|
| Γλώσσα: | Undetermined |
| Έκδοση: |
Japan
1975
|
| Θέματα: | |
| Ετικέτες: |
Προσθήκη ετικέτας
Δεν υπάρχουν, Καταχωρήστε ετικέτα πρώτοι!
|
| Thư viện lưu trữ: | Trung tâm Học liệu Trường Đại học Cần Thơ |
|---|
| LEADER | 00404nam a2200145Ia 4500 | ||
|---|---|---|---|
| 001 | CTU_77796 | ||
| 008 | 210402s9999 xx 000 0 und d | ||
| 082 | |a 331 | ||
| 082 | |b N946 | ||
| 245 | 0 | |a Now in Japan : | |
| 245 | 0 | |b Employee education and training in Japanese enterprises | |
| 260 | |a Japan | ||
| 260 | |c 1975 | ||
| 650 | |a Labour economics | ||
| 980 | |a Trung tâm Học liệu Trường Đại học Cần Thơ | ||